[Event "Groningen Harmonie op-A"]
[Site "Groningen"]
[Date "2003.12.24"]
[Round "4"]
[White "Meis, Eric"]
[Black "Farahat, Ali"]
[Result "1/2-1/2"]
[WhiteElo "2079"]
[BlackElo "2313"]
[PlyCount "64"]
[EventDate "2003.12.21"]
[EventType "swiss"]
[EventRounds "9"]
[EventCountry "NED"]
[SourceTitle "CBM 097 Extra"]
[Source "ChessBase"]
[SourceDate "2004.01.13"]
[SourceVersion "1"]
[SourceVersionDate "2004.01.13"]
[SourceQuality "1"]

1. c3 e5 2. d3 d5 3. Nf3 Nd7 4. e4 dxe4 5. dxe4 Ngf6 6. Bc4 Bc5 7. 0-0 0-0 8. b4 Be7 9. Re1 a5 10. Qb3 a4 11. Qc2 c6 12. a3 b5 13. Bf1 Qc7 14. c4 bxc4 15. Bxc4 Ne8 16. Bb2 Bf6 17. Nbd2 Nb6 18. Ba2 Ba6 19. Rac1 Rc8 20. Re3 Bb5 21. Nc4 Bxc4 22. Bxc4 Nd6 23. Ba6 Rcd8 24. h3 Qa7 25. Qe2 Nd7 26. Rec3 Nb8 27. Bd3 Qd7 28. R3c2 Rfe8 29. Bc4 Qc7 30. Bd3 h6 31. Rc5 Nb7 32. R5c2 Nd6 1/2-1/2

[Event "Groningen Harmonie op-A"]
[Site "Groningen"]
[Date "2003.12.22"]
[Round "2"]
[White "Meis, Eric"]
[Black "Florath, Patrick"]
[Result "0-1"]
[WhiteElo "2079"]
[BlackElo "2304"]
[PlyCount "58"]
[EventDate "2003.12.21"]
[EventType "swiss"]
[EventRounds "9"]
[EventCountry "NED"]
[SourceTitle "CBM 097 Extra"]
[Source "ChessBase"]
[SourceDate "2004.01.13"]
[SourceVersion "1"]
[SourceVersionDate "2004.01.13"]
[SourceQuality "1"]

1. e4 e6 2. a3 d5 3. e5 c5 4. b4 cxb4 5. axb4 Nc6 6. Bb5 Bxb4 7. Qg4 Bf8 8. Ba3 Bd7 9. Bxc6 Bxc6 10. Bxf8 Kxf8 11. Nf3 Ne7 12. 0-0 a6 13. Nc3 Nf5 14. Ne2 h5 15. Qf4 Qe7 16. Rfb1 Qc5 17. c3 Rh6 18. Ned4 Nxd4 19. Nxd4 b5 20. Nxc6 Qxc6 21. Ra5 Rg6 22. Qb4+ Kg8 23. d4 f6 24. exf6 Rxf6 25. Rba1 Rf4 26. h3 e5 27. Qe7 exd4 28. Qe5 Re4 29. Qxh5 dxc3 0-1

[Event "Dieren op"]
[Site "Dieren"]
[Date "2003.07.30"]
[Round "8"]
[White "Meis, Eric"]
[Black "Van Run, Jan"]
[Result "1-0"]
[WhiteElo "2097"]
[BlackElo "2059"]
[PlyCount "93"]
[EventDate "2003.07.22"]
[EventType "swiss"]
[EventRounds "9"]
[EventCountry "NED"]
[SourceTitle "CBM 095 Extra"]
[Source "ChessBase"]
[SourceDate "2003.09.04"]
[SourceVersion "1"]
[SourceVersionDate "2003.09.04"]
[SourceQuality "1"]

1. e4 d5 2. exd5 Nf6 3. Nf3 Nxd5 4. d4 g6 5. c4 Nb6 6. Nc3 Bg7 7. Be2 0-0 8. 0-0 Bg4 9. Be3 c6 10. b3 N8d7 11. Rc1 Re8 12. h3 Bxf3 13. Bxf3 e6 14. Qd2 Nf6 15. Bg5 Qd7 16. Qf4 Nh5 17. Bxh5 gxh5 18. Bf6 Bxf6 19. Qxf6 Qe7 20. Ne4 Nd7 21. Qh6 Kh8 22. Qxh5 Rg8 23. Rfe1 f5 24. Ng3 Qg7 25. Qf3 f4 26. Qxf4 Raf8 27. Qe4 Qg5 28. Qe3 Qg7 29. Rc2 Rf6 30. Rce2 Qf7 31. Qc3 h5 32. Ne4 Rfg6 33. g3 h4 34. g4 Qf4 35. f3 Kh7 36. Qe3 Qf8 37. Qf2 Qh6 38. Qe3 Qf8 39. Kh1 R8g7 40. f4 Kg8 41. Ng5 e5 42. dxe5 Nxe5 43. Qxe5 Rxg5 44. fxg5 Qf3+ 45. Kh2 Rf7 46. g6 Rf8 47. Qc7 1-0

[Event "Dieren op"]
[Site "Dieren"]
[Date "2003.07.22"]
[Round "1"]
[White "Van Beek, Alexander"]
[Black "Meis, Eric"]
[Result "1-0"]
[WhiteElo "2264"]
[BlackElo "2097"]
[PlyCount "91"]
[EventDate "2003.07.22"]
[EventType "swiss"]
[EventRounds "9"]
[EventCountry "NED"]
[SourceTitle "CBM 095 Extra"]
[Source "ChessBase"]
[SourceDate "2003.09.04"]
[SourceVersion "1"]
[SourceVersionDate "2003.09.04"]
[SourceQuality "1"]

1. d4 Nf6 2. Nf3 g6 3. c4 Bg7 4. Nc3 d5 5. cxd5 Nxd5 6. e4 Nxc3 7. bxc3 c5 8. Rb1 0-0 9. Be2 Nc6 10. d5 Bxc3+ 11. Bd2 Bxd2+ 12. Qxd2 Nd4 13. Nxd4 cxd4 14. Qxd4 e6 15. d6 Qa5+ 16. Qd2 Qxd2+ 17. Kxd2 e5 18. Ke3 Rd8 19. Rhd1 b6 20. Bc4 Kg7 21. f4 Bg4 22. Rd3 exf4+ 23. Kd2 Rac8 24. Rd4 Be6 25. Bxe6 fxe6 26. e5 g5 27. a4 Rc5 28. Rb5 Rxb5 29. axb5 Kg6 30. Kd3 Kf5 31. Re4 h5 32. h3 g4 33. hxg4+ hxg4 34. Re2 Rc8 35. Rc2 Rd8 36. Kd4 f3 37. gxf3 gxf3 38. Rc7 Kf4 39. Rf7+ Kg3 40. Ke3 Rc8 41. Rxf3+ Kg4 42. Rf6 Rc5 43. Rxe6 Kf5 44. Re7 Rxb5 45. d7 Rd5 46. e6 1-0

[Event "Hoogeveen Essent op"]
[Site "Hoogeveen"]
[Date "2002.10.16"]
[Round "6"]
[White "Meis, Eric"]
[Black "Hendriks, Richard V"]
[Result "1-0"]
[WhiteElo "2113"]
[BlackElo "2140"]
[PlyCount "69"]
[EventDate "2002.10.11"]
[EventType "swiss"]
[EventRounds "9"]
[EventCountry "NED"]
[SourceTitle "CBM 090 Extra"]
[Source "ChessBase"]
[SourceDate "2002.11.07"]
[SourceVersion "1"]
[SourceVersionDate "2002.11.07"]
[SourceQuality "1"]

1. e4 e5 2. f4 exf4 3. Nf3 h5 4. d4 g5 5. Bc4 h4 6. 0-0 d6 7. Nc3 Bg7 8. e5 Bg4 9. exd6 cxd6 10. Qd3 Bxf3 11. Qxf3 Bxd4+ 12. Kh1 Nc6 13. Bd2 Be5 14. Rae1 Nge7 15. Qg4 Qd7 16. Bxf7+ Kd8 17. Be6 Qe8 18. Ne4 Nd4 19. Rd1 h3 20. Nxg5 hxg2+ 21. Qxg2 f3 22. Nxf3 Nxf3 23. Qxf3 Rxh2+ 24. Kg1 Kc7 25. Bf4 Qg6+ 26. Kxh2 Qxe6 27. Bxe5 Qxe5+ 28. Kg2 Rg8+ 29. Kf2 Qh2+ 30. Ke1 Rg2 31. Rf2 Qe5+ 32. Re2 Rg1+ 33. Kd2 Qd4+ 34. Qd3 Qf4+ 35. Qe3 1-0

[Event "Hoogeveen Essent op"]
[Site "Hoogeveen"]
[Date "2002.10.13"]
[Round "3"]
[White "Willemsen, Jos"]
[Black "Meis, Eric"]
[Result "1-0"]
[WhiteElo "2263"]
[BlackElo "2113"]
[PlyCount "79"]
[EventDate "2002.10.11"]
[EventType "swiss"]
[EventRounds "9"]
[EventCountry "NED"]
[SourceTitle "CBM 090 Extra"]
[Source "ChessBase"]
[SourceDate "2002.11.07"]
[SourceVersion "1"]
[SourceVersionDate "2002.11.07"]
[SourceQuality "1"]

1. e4 d6 2. d4 Nf6 3. Nc3 c6 4. f4 Qa5 5. Bd2 Qb6 6. e5 Nd5 7. Nxd5 cxd5 8. Bc3 Nc6 9. Nf3 Bg4 10. Be2 e6 11. a3 0-0-0 12. Qd2 Rd7 13. Rf1 h6 14. h3 Bxf3 15. Rxf3 g6 16. b4 a6 17. Rb1 Be7 18. b5 dxe5 19. fxe5 axb5 20. Rxb5 Qa7 21. Bb2 Bg5 22. Qd1 f6 23. exf6 Rf8 24. Rc5 Rxf6 25. Bb5 Rdf7 26. Bxc6 bxc6 27. Rxc6+ Kd7 28. Rcc3 Qa5 29. Kf2 Qa7 30. Kg1 e5 31. Rxf6 Rxf6 32. Rc5 Qa6 33. Rxd5+ Kc7 34. Rxe5 Bh4 35. c4 Bg3 36. Rc5+ Kd8 37. Rd5+ Kc7 38. Qg4 Rf1+ 39. Kxf1 Qxc4+ 40. Kg1 1-0

[Event "Hoogeveen Essent op"]
[Site "Hoogeveen"]
[Date "2002.10.12"]
[Round "2"]
[White "Meis, Eric"]
[Black "Spoelman, Wouter"]
[Result "1-0"]
[WhiteElo "2113"]
[BlackElo "2206"]
[PlyCount "133"]
[EventDate "2002.10.11"]
[EventType "swiss"]
[EventRounds "9"]
[EventCountry "NED"]
[SourceTitle "CBM 090 Extra"]
[Source "ChessBase"]
[SourceDate "2002.11.07"]
[SourceVersion "1"]
[SourceVersionDate "2002.11.07"]
[SourceQuality "1"]

1. e4 c5 2. Nf3 d6 3. d4 cxd4 4. Nxd4 Nf6 5. Nc3 a6 6. Bg5 e6 7. f4 Nc6 8. Nxc6 bxc6 9. e5 h6 10. Bh4 g5 11. fxg5 Nd5 12. Ne4 Qb6 13. Bd3 hxg5 14. Bg3 dxe5 15. Bxe5 Rh4 16. Qf3 Qa5+ 17. c3 Nf4 18. Bf6 Nxd3+ 19. Qxd3 Qd5 20. 0-0-0 Bd7 21. Rhe1 Qxd3 22. Rxd3 Be7 23. Nd6+ Bxd6 24. Rxd6 Ra7 25. h3 Rh6 26. Bxg5 Rg6 27. Be3 Rb7 28. g4 Kf8 29. g5 e5 30. Rxg6 fxg6 31. h4 Kf7 32. Bc5 Be6 33. a3 Rd7 34. Rxe5 Rd5 35. Rxd5 Bxd5 36. Kd2 a5 37. b4 a4 38. Kd3 Ke6 39. Kd4 Bg2 40. Bf8 Kf5 41. c4 Ke6 42. Kc5 Kd7 43. b5 cxb5 44. cxb5 Bf3 45. Bd6 Kc8 46. Kb6 Be2 47. Ka5 Kb7 48. b6 Bf3 49. Bc7 Bd1 50. Kb5 Bc2 51. Kc5 Bd1 52. Kd6 Bb3 53. Ke5 Bc2 54. Kf6 Bd3 55. Kg7 Kc6 56. Kh6 Kd7 57. h5 gxh5 58. Kxh5 Be4 59. g6 Ke7 60. g7 Kf7 61. Be5 Kg8 62. Kg5 Kh7 63. Kf6 Bd5 64. Ke7 Kg8 65. Kd6 Be4 66. Kc7 Ba8 67. b7 1-0

[Event "Dieren op"]
[Site "Dieren"]
[Date "2002.07.17"]
[Round "8"]
[White "De Kleuver, Esther"]
[Black "Meis, Eric"]
[Result "1-0"]
[WhiteElo "2169"]
[BlackElo "2117"]
[PlyCount "27"]
[EventDate "2002.07.09"]
[EventType "swiss"]
[EventRounds "9"]
[EventCountry "NED"]
[SourceTitle "CBM 089 Extra"]
[Source "ChessBase"]
[SourceDate "2002.09.10"]
[SourceVersion "2"]
[SourceVersionDate "2002.09.10"]
[SourceQuality "1"]

1. e4 d6 2. d4 Nf6 3. Nc3 c6 4. f4 Qa5 5. Bd3 e5 6. Nf3 Bg4 7. Be3 Nbd7 8. 0-0 Qb6 9. Qe1 Bxf3 10. dxe5 Qa5 11. exf6 Bh5 12. fxg7 Bxg7 13. Qh4 f6 14. b4 1-0

[Event "Dieren op"]
[Site "Dieren"]
[Date "2002.07.10"]
[Round "2"]
[White "Slisser, Theo"]
[Black "Meis, Eric"]
[Result "1-0"]
[WhiteElo "2220"]
[BlackElo "2117"]
[PlyCount "111"]
[EventDate "2002.07.09"]
[EventType "swiss"]
[EventRounds "9"]
[EventCountry "NED"]
[SourceTitle "CBM 089 Extra"]
[Source "ChessBase"]
[SourceDate "2002.09.10"]
[SourceVersion "2"]
[SourceVersionDate "2002.09.10"]
[SourceQuality "1"]

1. d4 Nf6 2. c4 g6 3. Nc3 d5 4. Nf3 Bg7 5. cxd5 Nxd5 6. Qb3 Nxc3 7. bxc3 0-0 8. Bf4 c5 9. e3 Nc6 10. Be2 cxd4 11. exd4 b6 12. 0-0 Na5 13. Qb4 Bb7 14. Rfe1 e6 15. Rad1 Rc8 16. Bd6 Re8 17. Bb5 Bxf3 18. gxf3 Nc6 19. Bxc6 Rxc6 20. Bg3 Qd5 21. Qa4 a5 22. Rb1 Rec8 23. Re3 Rxc3 24. Rxc3 Rxc3 25. Qe8+ Bf8 26. Rxb6 Qxf3 27. Rb1 Qc6 28. Qd8 Rc1+ 29. Rxc1 Qxc1+ 30. Kg2 Qa3 31. Be5 Qxa2 32. Qf6 Qd5+ 33. Kg3 Qxe5+ 34. Qxe5 a4 35. Qa5 a3 36. f4 Kg7 37. Kf3 Be7 38. d5 exd5 39. Qxd5 Bf6 40. Ke4 Bb2 41. Qb3 h6 42. Kd5 Kf6 43. Kd6 g5 44. fxg5+ hxg5 45. Qf3+ Kg6 46. Ke7 f6 47. Qb3 Kf5 48. Qf3+ Kg6 49. Qd5 Kh5 50. Ke6 Kg4 51. Qe4+ Kh3 52. Qe2 g4 53. Kf5 g3 54. hxg3 Kxg3 55. Qe3+ Kh4 56. Qf3 1-0

[Event "Groningen SO ON op A"]
[Site "Groningen"]
[Date "2001.12.27"]
[Round "5"]
[White "Van der Marel, Bert"]
[Black "Meis, Eric"]
[Result "1-0"]
[WhiteElo "2229"]
[BlackElo "2095"]
[PlyCount "81"]
[EventDate "2001.12.22"]
[EventType "swiss"]
[EventRounds "9"]
[EventCountry "NED"]
[SourceTitle "EXT 2003"]
[Source "ChessBase"]
[SourceDate "2002.11.25"]
[SourceVersion "1"]
[SourceVersionDate "2002.11.25"]
[SourceQuality "1"]

1. e4 d6 2. f4 c5 3. Nf3 Nc6 4. g3 g6 5. Bg2 Bg7 6. 0-0 e6 7. d3 Nge7 8. c3 0-0 9. Na3 d5 10. e5 a6 11. Nc2 b5 12. Be3 c4 13. dxc4 bxc4 14. b3 cxb3 15. axb3 Bb7 16. Bc5 Qd7 17. Ncd4 Rfc8 18. b4 Bf8 19. g4 Nxd4 20. cxd4 Bc6 21. f5 exf5 22. gxf5 Nxf5 23. Bh3 Bh6 24. Nh4 Nxh4 25. Bxd7 Bxd7 26. Ra3 Nf5 27. Qa1 Bb5 28. Rxf5 gxf5 29. Rg3+ Kh8 30. Be7 Rc6 31. Bf6+ Rxf6 32. exf6 Rc8 33. Qe1 Re8 34. Qb1 Bd2 35. Qxf5 Re4 36. Kg2 Bf1+ 37. Kf2 Bb5 38. Qc8+ Re8 39. Qg4 Re2+ 40. Kf3 Re3+ 41. Kg2 1-0

[Event "Nord West Cup"]
[Site "Oldenburg"]
[Date "2000.02.13"]
[Round "7"]
[White "Meis, Eric"]
[Black "Lamprecht, Mark"]
[Result "1-0"]
[WhiteElo "1932"]
[BlackElo "2140"]
[PlyCount "95"]
[EventDate "2000.??.??"]
[EventType "swiss"]
[EventRounds "7"]
[EventCountry "GER"]
[SourceTitle "EXT 2002"]
[Source "ChessBase"]
[SourceDate "2001.11.25"]
[SourceVersion "1"]
[SourceVersionDate "2001.11.25"]
[SourceQuality "1"]

1. e4 c6 2. d4 d5 3. Nc3 dxe4 4. Nxe4 Bf5 5. Ng3 Bg6 6. h4 h6 7. h5 Bh7 8. Nf3 Nd7 9. Bd3 Bxd3 10. Qxd3 Qc7 11. c4 Ngf6 12. Bd2 e6 13. 0-0 Bd6 14. Ne4 Bf4 15. Bxf4 Qxf4 16. Ng3 0-0 17. Rfe1 Rfd8 18. b4 a5 19. a3 Nb6 20. Qc3 axb4 21. axb4 Rxa1 22. Rxa1 Ne4 23. Nxe4 Qxe4 24. b5 cxb5 25. c5 Nd5 26. Qa5 Rc8 27. Qxb5 Nf4 28. Qd7 Rb8 29. Qc7 Rf8 30. Re1 Nh3+ 31. Kh2 Qf4+ 32. Qxf4 Nxf4 33. Rb1 Rb8 34. Ne5 Nxh5 35. Nd7 Rd8 36. Rxb7 Nf6 37. c6 Nxd7 38. Rxd7 Rc8 39. c7 Kh7 40. Rxf7 Kg6 41. Rd7 Kf6 42. Kg3 g6 43. Kf4 h5 44. Ke4 g5 45. f3 h4 46. d5 exd5+ 47. Kxd5 Kf5 48. Rf7+ 1-0